000
00326nam a2200157Ia 4500
100
_a
Kavandikar/R.G.
650
_a
Electrical Engineering
490
_v
1
942
_c
BK
654
_a
electricity
245
_a
Basic electricity
260
_b
Nandu Pub
_a
Pune
_c
1998
300
_a
216
546
_a
ENGLISH
999
_c
35675
_d
35675